[Event "FICS rated blitz game"]
[Site "FICS freechess.org"]
[Date "2018.01.18"]
[Round "?"]
[White "lopencjo"]
[Black "EconomicJ"]
[Result "1-0"]
[WhiteElo "1822"]
[BlackElo "1719"]
[PlyCount "47"]
[EventDate "2018.??.??"]
[EventType "blitz"]

1. e4 e5 2. Nf3 Nc6 3. c3 Bc5 4. d4 exd4 5. cxd4 Bb4+ 6. Nc3 Bxc3+ 7. bxc3 d5
8. exd5 Qxd5 9. c4 Qa5+ 10. Bd2 Qa3 11. d5 Nce7 12. Qb3 Qxb3 13. axb3 Nf6 14.
Bd3 O-O 15. O-O Bg4 16. Ne5 Bh5 17. Bb4 Rfe8 18. f4 Rad8 19. Rxa7 Nd7 20. Rxb7
Nxe5 21. fxe5 c6 22. Rxe7 cxd5 23. Rxe8+ Rxe8 24. cxd5 {Black resigns} 1-0

[Event "FICS rated blitz game"]
[Site "FICS freechess.org"]
[Date "2018.01.18"]
[Round "?"]
[White "BiH"]
[Black "lowmiles"]
[Result "0-1"]
[WhiteElo "1531"]
[BlackElo "1585"]
[PlyCount "138"]
[EventDate "2018.??.??"]
[EventType "blitz"]

1. e4 e5 2. Nf3 Nc6 3. c3 Bc5 4. d4 exd4 5. cxd4 Bb6 6. d5 Nb8 7. Nc3 d6 8. h3
h6 9. Bd3 Nd7 10. Bf4 Ne7 11. O-O Ng6 12. Bg3 O-O 13. Bc2 Nde5 14. Nd4 Qf6 15.
Nce2 Qg5 16. Kh2 f5 17. f4 Qh5 18. fxe5 Nxe5 19. Bxe5 dxe5 20. Nxf5 Bxf5 21.
exf5 Rf6 22. Ng3 Qg5 23. Ne4 Qh4 24. Nxf6+ Qxf6 25. Be4 Rd8 26. Qf3 Rd6 27.
Rac1 a5 28. a3 Rd7 29. Qb3 Kh8 30. Qb5 Rd6 31. Qe8+ Kh7 32. Qg6+ Kh8 33. Qxf6
gxf6 34. Rf3 Kh7 35. Rg3 Be3 36. Rg6 Bxc1 37. h4 Bxb2 38. a4 c5 39. Rg3 c4 40.
Rf3 c3 41. Rf2 Rb6 42. Rc2 Rb4 43. Bf3 e4 44. Be2 Rxa4 45. Kg3 Rd4 46. Kf4 Rxd5
47. Kxe4 Re5+ 48. Kd3 Rxf5 49. Bf3 b5 50. Re2 b4 51. Be4 Kg6 52. g4 a4 53.
Bxf5+ Kf7 54. Kc4 b3 55. Kb4 c2 56. Bxc2 bxc2 57. Rxc2 a3 58. Kb3 Ke6 59. Re2+
Kd5 60. Kc2 Kd4 61. Rf2 Kc4 62. Kb1 Be5 63. Ka2 Kb4 64. Re2 Bb2 65. Re4+ Kc3
66. Re7 Kd3 67. Rh7 Ke3 68. Rxh6 Kf4 69. Rg6 f5 0-1

[Event "FICS rated blitz game"]
[Site "FICS freechess.org"]
[Date "2018.01.18"]
[Round "?"]
[White "BiH"]
[Black "lowmiles"]
[Result "0-1"]
[WhiteElo "1553"]
[BlackElo "1563"]
[PlyCount "70"]
[EventDate "2018.??.??"]
[EventType "blitz"]

1. e4 e5 2. Nf3 Nc6 3. c3 Bc5 4. d4 exd4 5. cxd4 Be7 6. d5 Nb8 7. Bd3 d6 8. h3
h6 9. Nc3 Bd7 10. O-O g5 11. Nd4 h5 12. f4 g4 13. hxg4 hxg4 14. g3 Bf6 15. Nce2
Bxd4+ 16. Nxd4 Qf6 17. Be2 Qh6 18. Kf2 Qh2+ 19. Ke3 Qxg3+ 20. Kd2 Rh3 21. Kc2
c5 22. Nb5 Bxb5 23. Bxb5+ Nd7 24. Rg1 Rh2+ 25. Kb1 Qh4 26. Bxd7+ Kxd7 27. Qa4+
Ke7 28. Qb5 b6 29. a4 Qf2 30. Rd1 Qc2+ 31. Ka2 Qxd1 32. Qc6 Rd8 33. Be3 Qe2 34.
Bc1 Qc4+ 35. Ka3 Rh3+ {White resigns} 0-1

[Event "FICS rated lightning game"]
[Site "FICS freechess.org"]
[Date "2018.01.18"]
[Round "?"]
[White "rendelan"]
[Black "fischbait"]
[Result "1-0"]
[WhiteElo "1898"]
[BlackElo "1794"]
[PlyCount "73"]
[EventDate "2018.??.??"]

1. e4 e5 2. Nf3 Nc6 3. c3 d6 4. d4 exd4 5. cxd4 Bg4 6. Be2 Nf6 7. Nc3 Be7 8. h3
Bxf3 9. Bxf3 O-O 10. O-O Re8 11. Re1 Bf8 12. Bg5 h6 13. Bh4 Be7 14. Qb3 Rb8 15.
Qa4 a6 16. Rad1 b5 17. Qc2 Nb4 18. Qb1 a5 19. a3 Na6 20. e5 Nd7 21. Bc6 Bxh4
22. exd6 Rxe1+ 23. Rxe1 cxd6 24. Qe4 Nf8 25. Nxb5 Bf6 26. b3 Qb6 27. a4 Nc7 28.
Nxd6 Qxb3 29. Bd7 Nxd7 30. Qe2 Nf8 31. Qf3 Qd5 32. Qxd5 Nxd5 33. Ne4 Ne3 34.
Nxf6+ gxf6 35. Rxe3 Ng6 36. Kh2 Nh4 37. Rg3+ 1-0

[Event "FICS rated standard game"]
[Site "FICS freechess.org"]
[Date "2018.01.18"]
[Round "?"]
[White "proximab"]
[Black "alinsodolescu"]
[Result "1-0"]
[WhiteElo "2138"]
[BlackElo "1702"]
[PlyCount "120"]
[EventDate "2018.??.??"]

1. e4 e5 2. Nf3 Nc6 3. c3 f6 4. Bc4 Bc5 5. O-O d6 6. d4 Bb6 7. Qa4 Bd7 8. d5
Nd4 9. Qd1 Nxf3+ 10. Qxf3 Qc8 11. Qh5+ g6 12. Qf3 Bg4 13. Qd3 h5 14. Be3 Nh6
15. h3 Kf7 16. Bxb6 axb6 17. hxg4 hxg4 18. f4 Kg7 19. fxe5 fxe5 20. Qe3 Qd8 21.
a3 Qh4 22. Re1 g3 23. Kf1 Ng4 24. Qc1 Raf8+ 25. Ke2 Rf2+ 26. Kd1 Qh1 27. Be2
Qxg2 28. Bxg4 Rh1 29. Qe3 Rxe1+ 30. Qxe1 Rf1 31. Qxf1 Qxf1+ 32. Kc2 g2 33. Bh3
b5 34. Bxg2 Qxg2+ 35. Nd2 g5 36. Rf1 g4 37. Rf5 g3 38. Rg5+ Kh6 39. Rg8 Qf2 40.
a4 g2 41. axb5 g1=Q 42. Rxg1 Qxg1 43. Kd3 b6 44. Kc2 Qf2 45. Kd3 Kg5 46. b3 Kf4
47. c4 Qe3+ 48. Kc2 Kg3 49. Nf1+ Kf2 50. Nxe3 Kxe3 51. Kc3 Kxe4 52. b4 Kf3 53.
Kd2 e4 54. Ke1 Ke3 55. c5 dxc5 56. bxc5 Kd4 57. cxb6 cxb6 58. d6 Kc5 59. d7
Kxb5 60. d8=Q Kb4 {Black resigns} 1-0

[Event "FICS rated lightning game"]
[Site "FICS freechess.org"]
[Date "2018.01.18"]
[Round "?"]
[White "Staples"]
[Black "Tigraum"]
[Result "1-0"]
[WhiteElo "1689"]
[BlackElo "1823"]
[PlyCount "61"]
[EventDate "2018.??.??"]

1. c3 e5 2. e4 Nc6 3. Nf3 g6 4. Bc4 Bg7 5. Bxf7+ Kxf7 6. Qb3+ Ke8 7. d3 Nh6 8.
Ng5 Qe7 9. O-O d6 10. Be3 Ng4 11. Nd2 Nxe3 12. fxe3 h6 13. Nf7 Be6 14. Qxb7 Kd7
15. Nxe5+ Bxe5 16. d4 Bg7 17. d5 Na5 18. dxe6+ Qxe6 19. Qb5+ Ke7 20. Qxa5 Be5
21. Qb4 c5 22. Qb3 Qxb3 23. axb3 Rhb8 24. Nc4 Rb7 25. Nxe5 dxe5 26. Ra6 Rxb3
27. Rxg6 Rxb2 28. Rg7+ Ke6 29. Rg6+ Kd7 30. Rf7+ Ke8 31. Rh7 1-0

[Event "FICS rated lightning game"]
[Site "FICS freechess.org"]
[Date "2018.01.18"]
[Round "?"]
[White "rendelan"]
[Black "killerbie"]
[Result "0-1"]
[WhiteElo "1956"]
[BlackElo "1923"]
[PlyCount "108"]
[EventDate "2018.??.??"]

1. e4 e5 2. Nf3 Nc6 3. c3 d5 4. Qa4 dxe4 5. Nxe5 Bd7 6. Nxd7 Qxd7 7. Qxe4+ Nge7
8. Qc2 O-O-O 9. d4 Nd5 10. Be2 Bd6 11. Be3 Rde8 12. Nd2 Nxe3 13. fxe3 Rxe3 14.
O-O Rxe2 15. Qd3 Rhe8 16. Nc4 Qg4 17. Qf5+ Qxf5 18. Rxf5 f6 19. Rd1 Ne7 20. Rf2
Rxf2 21. Kxf2 Nd5 22. g3 b5 23. Nxd6+ cxd6 24. Rd2 Kd7 25. h4 Nb6 26. Kf3 Nc4
27. Rf2 a5 28. b3 Nb6 29. Kg2 Nd5 30. Rf3 Re3 31. Kh3 Rxf3 32. Kg4 Rxc3 33. h5
Ke6 34. h6 g6 35. Kh4 b4 36. Kh3 Rd3 37. Kg2 Rxd4 38. Kf2 Nc3 39. Kf3 Nxa2 40.
Ke2 Ke5 41. Ke3 Nc1 42. Kf2 Nxb3 43. Ke3 d5 44. Kf2 Nc5 45. Ke3 a4 46. Kf2 a3
47. Ke3 a2 48. Kf2 a1=Q 49. Kg2 Qc3 50. Kh3 Ne4 51. Kg2 Qxg3+ 52. Kf1 Rd1+ 53.
Ke2 Rd2+ 54. Kf1 Qf2# {White checkmated} 0-1

[Event "FICS rated blitz game"]
[Site "FICS freechess.org"]
[Date "2018.01.18"]
[Round "?"]
[White "BiH"]
[Black "lowmiles"]
[Result "1-0"]
[WhiteElo "1538"]
[BlackElo "1578"]
[PlyCount "61"]
[EventDate "2018.??.??"]
[EventType "blitz"]

1. e4 e5 2. Nf3 Nc6 3. c3 Bc5 4. d4 exd4 5. cxd4 Bb6 6. d5 Nce7 7. h3 Ng6 8.
Nc3 d6 9. Bg5 f6 10. Bd2 Ne5 11. Be2 Ne7 12. Nxe5 dxe5 13. O-O O-O 14. Kh2 c6
15. Bc4 Kh8 16. f4 Bc7 17. f5 cxd5 18. Nxd5 Nxd5 19. Bxd5 Rb8 20. Qh5 Bd7 21.
Bb4 Be8 22. Qg4 Bd6 23. Bd2 Qe7 24. a3 Bf7 25. Bxf7 Qxf7 26. Bc3 Rbc8 27. Rad1
Bxa3 28. Rd3 Bc5 29. Rfd1 Qe7 30. Rd7 Qe8 31. Qxg7# {Black checkmated} 1-0

[Event "FICS rated blitz game"]
[Site "FICS freechess.org"]
[Date "2018.01.18"]
[Round "?"]
[White "BiH"]
[Black "lowmiles"]
[Result "0-1"]
[WhiteElo "1552"]
[BlackElo "1564"]
[PlyCount "82"]
[EventDate "2018.??.??"]
[EventType "blitz"]

1. e4 e5 2. Nf3 Nc6 3. c3 Bc5 4. d4 exd4 5. cxd4 Bb6 6. d5 Nce7 7. Nc3 d6 8.
Bg5 f6 9. Bh4 Ng6 10. Bg3 Ne5 11. Be2 Ne7 12. Nxe5 dxe5 13. O-O Ng6 14. Bh5 Kf7
15. h3 Bd7 16. Kh2 Qe7 17. f4 exf4 18. Rxf4 Kg8 19. Bxg6 hxg6 20. Rf1 g5 21.
Qf3 g4 22. Qf4 gxh3 23. Rh1 Qf7 24. gxh3 Rxh3+ 25. Kg2 Qh5 26. Rae1 Bd4 27. e5
Bxe5 28. Rxe5 fxe5 29. Qf1 Rxh1 30. Qxh1 Qxh1+ 31. Kxh1 Re8 32. Kg2 Kf7 33. Kf3
a6 34. Ke4 Kf6 35. Ne2 Bf5+ 36. Ke3 g5 37. Nc3 Rh8 38. Kf3 Rh1 39. a3 Rf1+ 40.
Ke3 g4 41. Ke2 Rf3 0-1

[Event "FICS rated blitz game"]
[Site "FICS freechess.org"]
[Date "2018.01.18"]
[Round "?"]
[White "BiH"]
[Black "lowmiles"]
[Result "0-1"]
[WhiteElo "1545"]
[BlackElo "1571"]
[PlyCount "82"]
[EventDate "2018.??.??"]
[EventType "blitz"]

1. e4 e5 2. Nf3 Nc6 3. c3 Bc5 4. d4 exd4 5. cxd4 Bb6 6. d5 Nb8 7. Nc3 d6 8. Bg5
f6 9. Bf4 g5 10. Bg3 h5 11. h4 g4 12. Nd4 Na6 13. Bb5+ Kf8 14. Bxa6 bxa6 15.
Nc6 Qe8 16. Qd2 Bd7 17. Nd4 Nh6 18. Qf4 Bxd4 19. O-O Be5 20. Qe3 Nf7 21. f4
gxf3 22. Rxf3 Bg4 23. Rf2 Bxg3 24. Qxg3 Qe5 25. Qd3 Rb8 26. Rb1 Ke7 27. Qxa6
Qd4 28. Qc6 Qb6 29. Qa4 Ne5 30. Kf1 Nd3 31. Rd2 Nc5 32. Qc4 Rhg8 33. b4 Nd7 34.
Rf2 Ne5 35. Qb3 Nd3 36. Rd2 Nxb4 37. Qc4 Qa6 38. Qxa6 Nxa6 39. Nb5 Rb6 40. Rdb2
Rgb8 41. a4 Nc5 0-1

[Event "FICS rated blitz game"]
[Site "FICS freechess.org"]
[Date "2018.01.18"]
[Round "?"]
[White "BiH"]
[Black "Gargoyles"]
[Result "0-1"]
[WhiteElo "1564"]
[BlackElo "1657"]
[PlyCount "38"]
[EventDate "2018.??.??"]
[EventType "blitz"]

1. e4 e5 2. Nf3 Nc6 3. c3 Nf6 4. d4 d5 5. dxe5 Nxe4 6. Bd3 Bg4 7. Bxe4 dxe4 8.
Qxd8+ Rxd8 9. Nfd2 Nxe5 10. O-O f5 11. f3 Bc5+ 12. Kh1 exf3 13. gxf3 Bh3 14.
Re1 O-O 15. Rxe5 Rfe8 16. f4 Rxe5 17. fxe5 Rd3 18. Na3 Re3 19. Nc2 Re2 {
White resigns} 0-1

[Event "FICS rated lightning game"]
[Site "FICS freechess.org"]
[Date "2018.01.18"]
[Round "?"]
[White "rendelan"]
[Black "killerbie"]
[Result "1-0"]
[WhiteElo "1939"]
[BlackElo "1939"]
[PlyCount "71"]
[EventDate "2018.??.??"]

1. e4 e5 2. Nf3 Nc6 3. c3 Nf6 4. d4 exd4 5. e5 Nd5 6. cxd4 d6 7. exd6 Bxd6 8.
h3 O-O 9. Be2 Re8 10. O-O Qe7 11. Re1 Qf6 12. Nc3 Nf4 13. Bxf4 Qxf4 14. Nd5 Qf5
15. Bc4 Be6 16. Ne3 Qg6 17. d5 Rad8 18. Qe2 Bxh3 19. Nh4 Qf6 20. Qh5 Re5 21.
Qf3 Qxh4 22. Qxh3 Qxh3 23. gxh3 Nd4 24. Kg2 Rg5+ 25. Ng4 h5 26. h4 Rxg4+ 27.
Kh3 Nf3 28. Rg1 Nxg1+ 29. Rxg1 Rxg1 30. Be2 Rh1+ 31. Kg2 Rxh4 32. Bxh5 Rxh5 33.
Kf3 Rxd5 34. Ke2 Rd2+ 35. Kf1 Rxb2 36. Kg2 1-0

[Event "FICS rated blitz game"]
[Site "FICS freechess.org"]
[Date "2018.01.18"]
[Round "?"]
[White "Baffostanco"]
[Black "yobiatch"]
[Result "1-0"]
[WhiteElo "1297"]
[BlackElo "1212"]
[PlyCount "37"]
[EventDate "2018.??.??"]
[EventType "blitz"]

1. e4 e5 2. Nf3 Nc6 3. c3 Nf6 4. d3 Bc5 5. h3 h6 6. b4 Bb6 7. Be2 d6 8. Qb3 Be6
9. c4 a6 10. Be3 Bxe3 11. fxe3 b5 12. Nbd2 Rb8 13. O-O bxc4 14. dxc4 Rxb4 15.
Qa3 Qb8 16. Qxa6 Rb2 17. Qxc6+ Bd7 18. Qa6 Rxd2 19. Nxd2 {Black resigns} 1-0

[Event "FICS rated blitz game"]
[Site "FICS freechess.org"]
[Date "2018.01.18"]
[Round "?"]
[White "morts"]
[Black "Harrier"]
[Result "0-1"]
[WhiteElo "1181"]
[BlackElo "1208"]
[PlyCount "36"]
[EventDate "2018.??.??"]
[EventType "blitz"]

1. e4 e5 2. Nf3 Nc6 3. c3 h6 4. g3 d6 5. Bg2 f5 6. d3 Nf6 7. Nbd2 Bd7 8. O-O
Be7 9. exf5 Bxf5 10. Qe2 O-O 11. Nh4 Bh7 12. f4 exf4 13. Rxf4 Kh8 14. d4 Qd7
15. Rf1 Rae8 16. Qb5 Nd8 17. Qc4 d5 18. Qd3 Bxd3 {White resigns} 0-1

[Event "FICS rated standard game"]
[Site "FICS freechess.org"]
[Date "2018.01.18"]
[Round "?"]
[White "Roetman"]
[Black "nicolaimanusb"]
[Result "1-0"]
[WhiteElo "1485"]
[BlackElo "1508"]
[PlyCount "77"]
[EventDate "2018.??.??"]

1. e4 e5 2. Nf3 Nc6 3. c3 Nf6 4. d3 h6 5. Be2 Bc5 6. h3 O-O 7. O-O Re8 8. b4
Bb6 9. a4 a6 10. a5 Ba7 11. Be3 b6 12. axb6 Bxb6 13. Bxb6 cxb6 14. Nbd2 d5 15.
exd5 Nxd5 16. b5 Na5 17. Qc1 axb5 18. d4 exd4 19. Bxb5 Nxc3 20. Qb2 Nxb5 21.
Qxb5 Bd7 22. Qd3 Nc6 23. Rxa8 Qxa8 24. Nxd4 Ne5 25. Qb3 Qb7 26. f4 Ng6 27. f5
Nh4 28. Rf2 Re1+ 29. Kh2 Qc8 30. Qd3 Bc6 31. N2f3 Be4 32. Qd2 Qc1 33. Qxc1 Rxc1
34. Nxh4 Rc4 35. Ndf3 Kh7 36. Nd2 Rd4 37. Kg3 Rd3+ 38. Nhf3 h5 39. Nxe4 {
Black resigns} 1-0

[Event "FICS rated blitz game"]
[Site "FICS freechess.org"]
[Date "2018.01.18"]
[Round "?"]
[White "BiH"]
[Black "lowmiles"]
[Result "1-0"]
[WhiteElo "1534"]
[BlackElo "1582"]
[PlyCount "105"]
[EventDate "2018.??.??"]
[EventType "blitz"]

1. e4 e5 2. Nf3 Nc6 3. c3 Bc5 4. d4 exd4 5. cxd4 Bb6 6. Nc3 d6 7. h3 h6 8. Be3
g5 9. g4 Nge7 10. Bc4 Na5 11. Bd3 Nac6 12. a3 Ng6 13. b4 Bd7 14. b5 Nce7 15.
Qb3 Be6 16. d5 Bd7 17. Bxb6 axb6 18. Ne2 Kf8 19. Nfd4 Qe8 20. Nf5 Ne5 21. Ned4
Nxf5 22. gxf5 Nxd3+ 23. Qxd3 Qe5 24. O-O Ra4 25. Rad1 Kg7 26. Rfe1 Rha8 27. Nf3
Qf4 28. Qc3+ Kg8 29. Ra1 Bxb5 30. Nd4 Qe5 31. Nxb5 Qf4 32. Qe3 Qh4 33. Nxc7 Rc8
34. Rac1 g4 35. hxg4 Qxg4+ 36. Qg3 Qxg3+ 37. fxg3 Rxa3 38. Kf2 Ra2+ 39. Re2
Rxe2+ 40. Kxe2 f6 41. Ke3 Kf7 42. Kd2 Ke7 43. Nb5 Rg8 44. Rc3 Rg4 45. Re3 Kd7
46. Kc3 h5 47. Kd4 h4 48. gxh4 Rxh4 49. Rg3 Rh1 50. Rg7+ Kc8 51. Nxd6+ Kb8 52.
Rxb7+ Ka8 53. Rxb6 1-0

[Event "FICS rated blitz game"]
[Site "FICS freechess.org"]
[Date "2018.01.18"]
[Round "?"]
[White "yobiatch"]
[Black "derhans"]
[Result "0-1"]
[WhiteElo "1196"]
[BlackElo "1236"]
[PlyCount "144"]
[EventDate "2018.??.??"]
[EventType "blitz"]

1. e4 e5 2. Nf3 Nc6 3. c3 Bc5 4. d4 exd4 5. cxd4 Bb4+ 6. Nc3 d6 7. Bd3 Nf6 8.
O-O Bg4 9. e5 dxe5 10. dxe5 Nxe5 11. Bb5+ c6 12. Be2 Qxd1 13. Rxd1 Bxf3 14.
gxf3 O-O 15. Bf4 Ng6 16. Bg5 Bxc3 17. bxc3 b5 18. Bxf6 gxf6 19. Rd6 Nf4 20. Bf1
Kh8 21. Rxf6 Rg8+ 22. Kh1 Nd5 23. Rxc6 Rac8 24. Bxb5 Rxc6 25. Bxc6 Nxc3 26. a4
Ne2 27. Re1 Nd4 28. Bd5 Nc2 29. Re7 Nb4 30. Bxf7 Rf8 31. Rxa7 Nc6 32. Rc7 Ne5
33. Bh5 Nxf3 34. Bxf3 Rxf3 35. Kg2 Ra3 36. Rc4 Kg8 37. Kf1 Kf7 38. Ke1 Ke6 39.
Kd2 Kd5 40. Rb4 Kc5 41. Rh4 Ra2+ 42. Ke3 Ra3+ 43. Ke2 Ra2+ 44. Kf1 Ra1+ 45. Kg2
Kb6 46. Rxh7 Rxa4 47. Rh6+ Kc5 48. Rh5+ Kd6 49. h4 Rg4+ 50. Kf3 Rb4 51. Kg2
Rg4+ 52. Kf3 Rb4 53. Ke3 Rb3+ 54. Ke4 Rb4+ 55. Kf5 Rb5+ 56. Kg6 Rb2 57. Rf5 Rb4
58. h5 Rg4+ 59. Kf6 Rg8 60. h6 Rf8+ 61. Kg6 Rg8+ 62. Kf6 Rf8+ 63. Kg6 Rg8+ 64.
Kh5 Re8 65. h7 Re1 66. Rf6+ Ke7 67. Kg6 Rg1+ 68. Kf5 Rh1 69. Re6+ Kd7 70. Rg6
Rh5+ 71. Kf6 Rh2 72. Rg8 Rxh7 0-1

[Event "FICS rated blitz game"]
[Site "FICS freechess.org"]
[Date "2018.01.18"]
[Round "?"]
[White "morts"]
[Black "Harrier"]
[Result "1-0"]
[WhiteElo "1180"]
[BlackElo "1209"]
[PlyCount "95"]
[EventDate "2018.??.??"]
[EventType "blitz"]

1. e4 e5 2. Nf3 Nc6 3. c3 Bc5 4. g3 Nf6 5. d3 h6 6. Bg2 O-O 7. h4 d5 8. Nbd2
dxe4 9. dxe4 Bg4 10. O-O Qd3 11. Qb3 Na5 12. Qd1 Rad8 13. b4 Nc4 14. bxc5 Nxd2
15. Bxd2 Bxf3 16. Bxf3 Qxd2 17. Qxd2 Rxd2 18. Rfd1 Rfd8 19. a4 Rxd1+ 20. Bxd1
Nxe4 21. Bf3 f5 22. c4 c6 23. g4 g6 24. h5 Kg7 25. hxg6 Kxg6 26. gxf5+ Kxf5 27.
Re1 Nxc5 28. Bg2 Rd4 29. Bh3+ Kf6 30. Bc8 Rxc4 31. a5 Ra4 32. a6 Rxa6 33. Rc1
Ra5 34. Rd1 Ke7 35. Re1 Nd3 36. Re3 Kd6 37. Bxb7 Rd5 38. Ba6 Nf4 39. Ra3 Kc7
40. Bc4 Rd1+ 41. Kh2 Kb6 42. Bb3 a5 43. Bxd1 Kb5 44. Re3 c5 45. Rxe5 a4 46. Rf5
a3 47. Rxf4 a2 48. Ra4 {Black resigns} 1-0

[Event "FICS rated blitz game"]
[Site "FICS freechess.org"]
[Date "2018.01.18"]
[Round "?"]
[White "NicolausSilver"]
[Black "septimius"]
[Result "0-1"]
[WhiteElo "1309"]
[BlackElo "1354"]
[PlyCount "54"]
[EventDate "2018.??.??"]
[EventType "blitz"]

1. e4 e5 2. Nf3 Nc6 3. c3 Nf6 4. Ng5 h6 5. Nxf7 Kxf7 6. Bc4+ d5 7. exd5 Nxd5 8.
Qf3+ Qf6 9. Bxd5+ Be6 10. Bxc6 bxc6 11. Qxc6 Bd6 12. O-O Rhf8 13. d4 Kg8 14.
dxe5 Qxe5 15. f4 Bc5+ 16. Kh1 Qf5 17. Nd2 Bd5 18. Qa4 Qg4 19. Nf3 Rfe8 20. Qc2
Bxf3 21. f5 Re2 22. Qxe2 Bxe2 23. h3 Qg3 24. Bf4 Qd3 25. f6 Bxf1 26. fxg7 Bd6
27. Bxd6 cxd6 {White resigns} 0-1

[Event "FICS rated blitz game"]
[Site "FICS freechess.org"]
[Date "2018.01.18"]
[Round "?"]
[White "arju"]
[Black "hanse"]
[Result "0-1"]
[WhiteElo "1655"]
[BlackElo "1753"]
[PlyCount "64"]
[EventDate "2018.??.??"]
[EventType "blitz"]

1. e4 e5 2. Nf3 Nc6 3. c3 Nf6 4. d3 d5 5. exd5 Nxd5 6. Bd2 Bd6 7. Be2 O-O 8.
O-O a6 9. a3 b5 10. c4 Nb6 11. cxb5 axb5 12. Nc3 b4 13. axb4 Rxa1 14. Qxa1 Nxb4
15. Qa5 Re8 16. Ne4 Nc6 17. Qa1 Bf8 18. Be3 Nd5 19. Bd2 Ndb4 20. Ne1 Bf5 21.
Be3 Nd4 22. Bd1 Bg6 23. Bxd4 Qxd4 24. Qa4 Rd8 25. Be2 Qxb2 26. Nf3 Qxe2 27.
Nxe5 Bxe4 28. dxe4 Qxe4 29. Nd7 Qe8 30. Rd1 Bd6 31. Qb5 Qxd7 32. Qxb4 Bxb4 0-1

[Event "FICS rated blitz game"]
[Site "FICS freechess.org"]
[Date "2018.01.18"]
[Round "?"]
[White "morts"]
[Black "javikibera"]
[Result "1-0"]
[WhiteElo "1178"]
[BlackElo "1179"]
[PlyCount "73"]
[EventDate "2018.??.??"]
[EventType "blitz"]

1. e4 e5 2. Nf3 Nc6 3. c3 Bc5 4. d4 exd4 5. cxd4 Bb4+ 6. Nc3 Nf6 7. Qe2 d6 8.
d5 Ne7 9. Bd2 Bg4 10. O-O-O h6 11. h3 Bxf3 12. gxf3 Qd7 13. Kb1 a5 14. Rc1 a4
15. Nb5 Bxd2 16. Qxd2 c6 17. dxc6 bxc6 18. Nd4 c5 19. Nf5 Nxf5 20. exf5 Qxf5+
21. Bd3 Qxf3 22. Rhe1+ Kd7 23. Bb5+ Kc7 24. Re7+ Kb6 25. Re3 Qf5+ 26. Bd3 Qd7
27. Bc4 Rhb8 28. a3 Kc7 29. Qe2 Rb6 30. Re7 Rab8 31. Rxd7+ Nxd7 32. Rc2 Ne5 33.
Bd5 c4 34. f4 Nd3 35. Qe7+ Kc8 36. b4 Rb5 37. Rxc4+ 1-0

[Event "FICS rated standard game"]
[Site "FICS freechess.org"]
[Date "2018.01.18"]
[Round "?"]
[White "Leopoldt"]
[Black "bhekisipho"]
[Result "0-1"]
[WhiteElo "1685"]
[BlackElo "1733"]
[PlyCount "86"]
[EventDate "2018.??.??"]

1. e4 e5 2. Nf3 Nc6 3. c3 d6 4. h3 Nf6 5. d3 h6 6. Be2 Be7 7. O-O Bd7 8. Nh2
Qc8 9. Ng4 Nxg4 10. Bxg4 Bxg4 11. Qxg4 Qxg4 12. hxg4 Bg5 13. f4 exf4 14. Bxf4
Bxf4 15. Rxf4 Ne5 16. d4 Nd3 17. Rf5 Nxb2 18. Nd2 Na4 19. Raf1 O-O 20. R5f3
Rae8 21. c4 Nb6 22. Ra3 a6 23. Rg3 Nd7 24. g5 hxg5 25. Rxg5 g6 26. Re1 Kg7 27.
e5 dxe5 28. dxe5 Kh6 29. Nf3 Nc5 30. Re3 f6 31. Rg3 Kg7 32. Nh4 g5 33. exf6+
Kxf6 34. Rgf3+ Kg7 35. Nf5+ Kg8 36. Rxe8 Rxe8 37. Rg3 Ne4 38. Rg4 Kf7 39. g3
Kg6 40. Nh4+ Kh5 41. Rxe4 Rxe4 42. Nf3 Kg4 43. Kg2 Re2+ {White resigns} 0-1

[Event "FICS rated blitz game"]
[Site "FICS freechess.org"]
[Date "2018.01.18"]
[Round "?"]
[White "sasfro"]
[Black "OneNoTrump"]
[Result "1-0"]
[WhiteElo "1304"]
[BlackElo "1315"]
[PlyCount "51"]
[EventDate "2018.??.??"]
[EventType "blitz"]

1. e4 e5 2. Nf3 Nc6 3. c3 d6 4. d4 exd4 5. cxd4 Be7 6. Bb5 Bd7 7. O-O Nf6 8.
Nc3 O-O 9. Re1 Bg4 10. h3 Bxf3 11. Qxf3 Nxd4 12. Qd3 Nxb5 13. Qxb5 Rb8 14. Bf4
c6 15. Qb3 Qa5 16. Rad1 Rfd8 17. a3 b5 18. Qc2 Rbc8 19. Qe2 b4 20. axb4 Qxb4
21. Qa6 Qb6 22. Ra1 Qxb2 23. Qxa7 Rd7 24. Qe3 Nh5 25. Reb1 Qc2 26. Ra2 {
Black resigns} 1-0

[Event "FICS rated blitz game"]
[Site "FICS freechess.org"]
[Date "2018.01.18"]
[Round "?"]
[White "Nahka"]
[Black "Poksi"]
[Result "1-0"]
[WhiteElo "1813"]
[BlackElo "1753"]
[PlyCount "41"]
[EventDate "2018.??.??"]
[EventType "blitz"]

1. e4 e5 2. Nf3 Nc6 3. c3 Bc5 4. d4 exd4 5. cxd4 Bb6 6. Nc3 d6 7. h3 Nf6 8. Bc4
O-O 9. O-O Re8 10. Re1 Nxe4 11. Bxf7+ Kxf7 12. Nxe4 Kg8 13. Bg5 Qd7 14. Qb3+
Qf7 15. d5 Ne5 16. Nxe5 Rxe5 17. Rad1 Rxe4 18. Rxe4 Qxf2+ 19. Kh1 Bf5 20. Rf4
Qe2 21. Rxf5 {Black resigns} 1-0

[Event "FICS rated blitz game"]
[Site "FICS freechess.org"]
[Date "2018.01.18"]
[Round "?"]
[White "Runner"]
[Black "IFDTitan"]
[Result "1-0"]
[WhiteElo "1681"]
[BlackElo "1712"]
[PlyCount "121"]
[EventDate "2018.??.??"]
[EventType "blitz"]

1. e4 e5 2. Nf3 Nc6 3. c3 Nf6 4. Qc2 Bd6 5. a3 a6 6. d4 exd4 7. cxd4 O-O 8. Bd3
Qe7 9. O-O Re8 10. e5 Nxd4 11. Nxd4 Qxe5 12. Nf3 Qd5 13. Nc3 Qc5 14. Be3 Qh5
15. h3 b6 16. Rae1 Bb7 17. Nh2 Qh4 18. Bc1 Bxh2+ 19. Kxh2 Rxe1 20. Rxe1 Re8 21.
Rxe8+ Nxe8 22. Be4 Bxe4 23. Qxe4 Qxe4 24. Nxe4 d5 25. Nc3 d4 26. Nd5 f6 27. Bf4
c5 28. Nc7 Nxc7 29. Bxc7 d3 30. Bf4 g5 31. Bd2 c4 32. Kg3 h6 33. Kf3 f5 34. g4
a5 35. gxf5 a4 36. Ke4 Kg7 37. Kd4 b5 38. Kc5 Kg8 39. Kxb5 c3 40. Bxc3 h5 41.
Bd2 g4 42. hxg4 hxg4 43. Kxa4 Kf7 44. Kb3 Kf8 45. Kc3 Kf7 46. Kxd3 Kg7 47. Ke4
Kf7 48. Kf4 Kg7 49. Kxg4 Kf7 50. a4 Kf8 51. a5 Kf7 52. a6 Kf8 53. a7 Kf7 54.
a8=Q Ke7 55. Qa6 Kf8 56. Kg5 Kf7 57. Qb6 Kf8 58. Qb7 Ke8 59. Kf6 Kd8 60. Ke6
Ke8 61. Qe7# {Black checkmated} 1-0

[Event "FICS rated blitz game"]
[Site "FICS freechess.org"]
[Date "2018.01.18"]
[Round "?"]
[White "BiH"]
[Black "AXTbIPKA"]
[Result "0-1"]
[WhiteElo "1561"]
[BlackElo "1641"]
[PlyCount "122"]
[EventDate "2018.??.??"]
[EventType "blitz"]

1. e4 e5 2. Nf3 Nc6 3. c3 Nf6 4. d4 Nxe4 5. d5 Nb8 6. Nxe5 Qe7 7. Qd4 Nf6 8.
Be2 Qc5 9. Qxc5 Bxc5 10. Bf3 O-O 11. O-O d6 12. Nd3 Bb6 13. Bg5 Nbd7 14. Re1 h6
15. Bh4 g5 16. Bg3 Re8 17. Nd2 Nc5 18. Rxe8+ Nxe8 19. Nxc5 Bxc5 20. Ne4 Bb6 21.
Bh5 Bf5 22. Nd2 g4 23. Bh4 Kg7 24. h3 gxh3 25. gxh3 Bxh3 26. Kh2 Bf5 27. Rg1+
Bg6 28. Ne4 Kh7 29. Bxg6+ fxg6 30. Re1 Kg7 31. Re2 g5 32. Bg3 Nf6 33. Nxf6 Kxf6
34. Re6+ Kg7 35. Re7+ Kf8 36. Rh7 Re8 37. Rxh6 Kg7 38. Rh5 Kg6 39. Rh3 Re2 40.
Kg2 Rxb2 41. Rh8 Rxa2 42. Rg8+ Kf6 43. Rf8+ Kg7 44. Rb8 a5 45. Rxb7 a4 46. Bxd6
Rxf2+ 47. Kg3 Rc2 48. Be5+ Kg6 49. d6 a3 50. dxc7 Bxc7 51. Rxc7 Kf5 52. Bd4 a2
53. Ra7 Ke4 54. Ra4 Kd3 55. Bf6 Kd2 56. Ra3 Kc1 57. Kf3 Kb1 58. Rb3+ Kc1 59.
Ra3 Kb1 60. Rb3+ Rb2 61. Rxb2+ Kxb2 0-1

[Event "FICS rated blitz game"]
[Site "FICS freechess.org"]
[Date "2018.01.18"]
[Round "?"]
[White "arju"]
[Black "osmann"]
[Result "1-0"]
[WhiteElo "1634"]
[BlackElo "1672"]
[PlyCount "71"]
[EventDate "2018.??.??"]
[EventType "blitz"]

1. e4 e5 2. Nf3 Nc6 3. c3 d5 4. exd5 Qxd5 5. d3 Bg4 6. Be2 O-O-O 7. Nbd2 f5 8.
c4 Qd6 9. O-O Nf6 10. a4 Nb4 11. Qb3 a5 12. Rd1 Be7 13. h3 Bh5 14. Kf1 h6 15.
Ne1 Bxe2+ 16. Kxe2 g5 17. Ndf3 g4 18. hxg4 fxg4 19. Nh4 Rdg8 20. Nf5 Qe6 21.
Nxe7+ Qxe7 22. g3 h5 23. Be3 h4 24. gxh4 Rxh4 25. Nc2 e4 26. d4 Nd3 27. c5 Rf8
28. d5 g3 29. Rxd3 gxf2 30. Rc3 Ne8 31. d6 Qh7 32. Qe6+ Kb8 33. dxc7+ Nxc7 34.
c6 Qh5+ 35. Kd2 Rd8+ 36. Nd4 1-0